1139 1250 1144 1886 1145 1090 1615 1573 1519 1625 1511 1599 1881 1628 1742 1819 1047 1998 1434 1454 1047 1831 1702 1301 1503 1612 1393 1068 1164 1478 1835 1787 1366 1075 1668 1379 1073 1379 1614 1997 1607 1131 1819 1274 1896 1890 1049 1613 1461 1215 1217 1845 1805 1066 1904 1535 1672 1510 1866 1474 1536 1491 1040 1000 1792 1631 1810 1300 1700 1032 1430 1114 1234 1592 1409 1861 1431 1530 1456 1973 1747 1257 1079 1170 1924 1382 1772 1455 1121 1106 1114 1475 1318 1015 1536 1022 1592 1839 1837 BCNSPRNW ULIB Ver.6.0+V

เปลี่ยนเป็นภาษาไทย

Change to English
 แสดงรายละเอียดบรรณานุกรม
  กลับหน้าหลัก

Brief Record : Get Marc (ISO 2709) : E-mail record : QR code < ปิดหน้าต่าง
LEADER : 00000nam 2200000uu 4500
001    13399125604
003     ULIB
008    170706s2559||||th 000 0 tha d
020    ^a9789741959686
060 04 ^aQV737^bธ666s
100 0  ^aธีระพงษ์ ศรีศิลป์
245 10 ^aShort note pharmacotherapy โรคในร้านยา ฉบับปรับปรุง พ.ศ. 2559/^cเรียบเรียงโดย ธีระพงษ์ ศรีศิลป์
246 30 ^aโรคในร้านยา
250    ^aพิมพ์ครั้งที่ 1
260    ^aมหาสารคาม :^bคณะเภสัชศาสตร์ มหาวิทยาลัยมหาสารคาม,^c2559
300    ^a188 หน้า ;^c21 ซม.
650  2 ^aCommunity Pharmacy Services
650  2 ^aDrugs^xtherapeutic use
650  2 ^aDrug Therapy
650  4 ^aร้านขายยา
650  4 ^aโรค^xการรักษาด้วยยา
650  4 ^aการรักษาด้วยยา
650  4 ^aยา^xการใช้รักษา
710 2  ^aมหาวิทยาลัยมหาสารคาม.^bคณะเภสัชศาสตร์
945    ^p0^l0^i002538
945    ^p0^l0^i002539
945    ^p0^l0^i002540
999    ^aวรรณษา ชูชัยมงคล
รายการนี้ยังไม่มีแท็ก
คุณยังไม่ได้ล็อกอิน คุณสามารถมีกิจกรรมร่วมกับเว็บไซต์ได้ แต่ต้องล็อกอินก่อน ::
  ล็อกอิน

รายการสื่อสารสนเทศ

ลำดับที่ ประเภท เลขเรียก/บาร์โค้ด สถานที่ สถานะ
1. วิทยาศาสตร์การแพทย์ และสุขภาพ
วิทยาศาสตร์การแพทย์ และสุขภาพ
สถานะ=หนังสือเก่า
QV737 ธ666s ฉ.1 
  Barcode: 002538
ห้องสมุดวิทยาเขตสวรรค์ประชารักษ์
►ส่วนจัดเก็บหนังสือเก่า สปร
บนชั้น
  ขอยืม
2. วิทยาศาสตร์การแพทย์ และสุขภาพ
วิทยาศาสตร์การแพทย์ และสุขภาพ
สถานะ=หนังสือเก่า
QV737 ธ666s ฉ.2 
  Barcode: 002539
ห้องสมุดวิทยาเขตสวรรค์ประชารักษ์
►ส่วนจัดเก็บหนังสือเก่า สปร
บนชั้น
  ขอยืม
3. วิทยาศาสตร์การแพทย์ และสุขภาพ
วิทยาศาสตร์การแพทย์ และสุขภาพ
สถานะ=หนังสือเก่า
QV737 ธ666s ฉ.3 
  Barcode: 002540
ห้องสมุดวิทยาเขตสวรรค์ประชารักษ์
►ส่วนจัดเก็บหนังสือเก่า สปร
บนชั้น
  ขอยืม

รายการใกล้เคียง
    ผู้แต่ง [ธีระพงษ์ ศรีศิลป์]

    หัวเรื่อง [Community Pharmacy Services]
    หัวเรื่อง [Drug Therapy]
    หัวเรื่อง [ร้านขายยา]
    หัวเรื่อง [การรักษาด้วยยา]

BibComment


ยังไม่เคยถูกคอมเมนท์

คอมเมนท์ทรัพยากรรายการนี้
  คอมเมนท์: Short note pharm..


 Copyright 2026. Bcnsprnw @Library